|
|
|
|
| LEADER |
00873nam a2200217 a 4500 |
| 001 |
2631539 |
| 008 |
090511s2000 caua b 001 0 eng d |
| 010 |
|
|
|a \\\99036881
|
| 020 |
|
|
|a 0534369170 (pbk.)
|
| 040 |
|
|
|a DLC
|c DLC
|d DLC
|
| 082 |
0 |
0 |
|a 629.8/3
|2 21
|
| 100 |
1 |
|
|a Dorato, Peter.
|
| 245 |
1 |
0 |
|a Analytic feedback system design :
|b an interpolation approach /
|c Peter Dorato.
|
| 260 |
|
|
|a Pacific Grove, CA :
|b Brooks/Cole,
|c c2000.
|
| 300 |
|
|
|a ix, 109 p. :
|b ill. ;
|c 24 cm.
|
| 504 |
|
|
|a Includes bibliographical references (p. 101-105) and index.
|
| 541 |
1 |
|
|e 00009904
|
| 650 |
|
0 |
|a Feedback control systems.
|
| 852 |
4 |
|
|a Ayesha Abed Library
|j Generalshelf
|
| 999 |
|
|
|c 587
|d 587
|
| 952 |
|
|
|0 0
|1 0
|2 ddc
|4 0
|6 629_830000000000000_DOR_2000
|7 0
|9 537
|a BRACUL
|b BRACUL
|c GEN
|d 2009-05-11
|g 0.00
|l 0
|o 629.83 DOR
|p 3010009904
|r 2009-05-11
|t 1
|w 2009-05-11
|y BK
|x No price found in the accession register.
|